| 000 | 01162nam0a22003011 4500 | ||
|---|---|---|---|
| 001 | RU\NLR\INFOCOMM_253\5000013013 | ||
| 005 | 20260407115537.0 | ||
| 035 | _a(NLR Aleph) 009185989 | ||
| 090 |
_a8601013 _c8601013 |
||
| 100 | _a20100323d1966 |||y0rusy50 ca | ||
| 101 | 0 | _aeng | |
| 102 | _aRU | ||
| 105 | _ay ||||000|y | ||
| 200 | 1 |
_aEconomic-cultural types and historico-ethnographic provinces of the Eastern Asia _fN. N. Cheboksarov _gXI Pacific science congress. Tokyo, Aug.-Sept. 1966 _gInst. of ethnography. Acad. of sciences of the USSR |
|
| 210 |
_aМ. _cNauka _d1966 |
||
| 215 |
_a18 с. _d21 см |
||
| 309 | _aОтпеч. множит. аппаратом | ||
| 320 | _aБиблиогр.: с. 13-18 | ||
| 606 |
_aЭтнография _yАзия, восточная _2nlr_sh1 |
||
| 686 |
_aИ10-570 _2rubbk |
||
| 700 | 1 |
_9z01790 _aČeboksarov _bN. N. _f1907- _gNikolaj Nikolaevič _4070 |
|
| 712 | 1 | 2 |
_4570 _8eng _aPacific science congress _d11 _f1966 _eTokyo _7ba _3RU\NLR\AUTH\8810067769 _9637124 |
| 790 | 1 |
_9z01700 _aCheboksarov _bN. N. _4070 |
|
| 801 | 1 |
_aRU _bNLR _c20100323 |
|
| 801 | 0 |
_aRU _bNLR _gPSBO |
|
| 852 |
_aNLR _jГ01 Г-4/151 |
||
| 942 | _cBOOK | ||
| 980 | _aNB | ||